00505nam a2200145 a 450000100100000000500170001000800410002704000250006808200150009310000360010824500790014426000570022330000360028050000430031600004551320201002052306.0150413s1988 dr ac 000 0 spa d aDO-SdBNPbspacBNPHU axxxxbxxxx1 aMontero, Pedro Generoso,d1967-10aCurso teorico para la enseñanza del karate-do /cPedro Generoso Montero. aSanto Domingo :bAlfa y Omega,bBancredicard,c1988. a110 p. :bil., retrs. ;c17 cm. aIncluye datos biográficos del autor.